000 00655nam a2200217 a 4500
001 15762
003 CO-ViMGA
008 141112s2004 ck r 000 u spa d
020 _a9586822826
040 _aCO-ViMGA
_bspa
_cCO-ViMGA
082 0 4 _a925 C151b
100 1 _aCanales, Claudia
_922674
245 1 0 _aEl Barón trashumante :
_bAlexander Von Humboldt
260 _aBogotá,
_cColciencias,
_c2001
300 _a101.p.
490 _aViajeros del conocimiento
590 _aForma de adquisición : donacion - - Precio :
_10.000
650 1 4 _aCIENTIFICOS ALEMANES
_922675
650 1 4 _aHUMBOLDT, ALEXANDER VON, 1769 - 1859
_922676
942 _2ddc
_cBK
999 _c25851
_d25851